000 00626nam a2200193 4500
001 139751
003 ES-MaACL
005 20250313063303.0
007 t|
008 070214s1969 sp r ||||1| spa d
100 1 _aSchiller, Friedrich,
_d1759-1805
_9104361
245 1 0 _aCartas sobre la educación estética del hombre /
_cJ. C. F. Schiller ; traducción... y prólogo de Vicente Romano García.
250 _a1ª reimp.
260 _aMadrid :
_bAguilar,
_c1969.
300 _a169 p. ;
_c19 cm.
700 1 _aRomano, Vicente.
_999259
852 _aES-MaACL
_jC-39976
_bR.71197
999 _c139751
_d139751